Brush up your Shakespeare! / (Record no. 2088)

000 -LEADER
fixed length control field 01217nam a22003617a 4500
001 - CONTROL NUMBER
control field 1038244
003 - CONTROL NUMBER IDENTIFIER
control field OSt
005 - DATE AND TIME OF LATEST TRANSACTION
control field 20210415120053.0
008 - FIXED-LENGTH DATA ELEMENTS--GENERAL INFORMATION
fixed length control field 890920s1990 nyua 001 0 eng
010 ## - LIBRARY OF CONGRESS CONTROL NUMBER
LC control number 89046105
020 ## - INTERNATIONAL STANDARD BOOK NUMBER
International Standard Book Number 0060163933
040 ## - CATALOGING SOURCE
Original cataloging agency DLC
Transcribing agency DLC
Modifying agency DLC
Language of cataloging eng
041 ## - LANGUAGE CODE
Language code of text/sound track or separate title eng
050 00 - LIBRARY OF CONGRESS CALL NUMBER
Classification number PR3077
Item number .M3 1990
080 ## - UNIVERSAL DECIMAL CLASSIFICATION NUMBER
Universal Decimal Classification number 821.111
Item number M-14
082 00 - DEWEY DECIMAL CLASSIFICATION NUMBER
Classification number 822.3/3
Edition number 20
100 1# - MAIN ENTRY--PERSONAL NAME
Personal name Macrone, Michael.
245 10 - TITLE STATEMENT
Title Brush up your Shakespeare! /
Statement of responsibility, etc. Michael Macrone ; illustrations by Tom Lulevitch.
Remainder of title / by: Harper and Row Publishers
250 ## - EDITION STATEMENT
Edition statement 1st edition
260 ## - PUBLICATION, DISTRIBUTION, ETC.
Place of publication, distribution, etc. New York
Name of publisher, distributor, etc. Harper and Row Publishers
Date of publication, distribution, etc. c1990.
300 ## - PHYSICAL DESCRIPTION
Extent xvii, 235 p.
Other physical details ill.
Dimensions 19 cm.
365 ## - TRADE PRICE
Price amount 15 usd
500 ## - GENERAL NOTE
General note "A Cader book"--Jacket.
500 ## - GENERAL NOTE
General note Includes indexes.
600 10 - SUBJECT ADDED ENTRY--PERSONAL NAME
Personal name Shakespeare, William,
Dates associated with a name 1564-1616
General subdivision Language.
600 10 - SUBJECT ADDED ENTRY--PERSONAL NAME
Personal name Shakespeare, William,
Dates associated with a name 1564-1616
General subdivision Quotations.
650 #0 - SUBJECT ADDED ENTRY--TOPICAL TERM
Topical term or geographic name entry element English language
Chronological subdivision Early modern, 1500-1700
General subdivision Terms and phrases.
650 #0 - SUBJECT ADDED ENTRY--TOPICAL TERM
Topical term or geographic name entry element English literature
9 (RLIN) 247
653 ## - INDEX TERM--UNCONTROLLED
Uncontrolled term ინგლისური ლიტერატურა
700 ## - ADDED ENTRY--PERSONAL NAME
9 (RLIN) 1327
Personal name Lulevitch, Tom
Relator term Illustrator
906 ## - LOCAL DATA ELEMENT F, LDF (RLIN)
a 7
b cbc
c orignew
d 1
e ocip
f 19
g y-gencatlg
942 ## - ADDED ENTRY ELEMENTS (KOHA)
Source of classification or shelving scheme
Koha item type Books
Edition 1
Holdings
Withdrawn status Lost status Source of classification or shelving scheme Damaged status Not for loan Permanent location Current location Date acquired Inventory number Total Checkouts Full call number Barcode Date last seen Price effective from Koha item type
          Ken Walker International University Ken Walker International University 03/10/2021 1589   821.111 M-14 1589 03/10/2021 03/10/2021 Books

Powered by Koha